| 000 | 00692nam a2200205Ia 4500 | ||
|---|---|---|---|
| 001 | 8394 | ||
| 003 | GE_BSU | ||
| 008 | 181216s||||||||xx |||||||||||||| ||und|| | ||
| 040 | _cGE_BSU | ||
| 080 | _a821.353.1-32 | ||
| 100 | _aენუქიძე,ზაზა. თათარაძე,ეთერ. დოლიძე,ირაკლი(შმაგი) | ||
| 245 | _aმოთხრობები | ||
| 245 | _cრედ. ნ.სარჯველაძე. მხატვ. კ. ფაჩულია | ||
| 260 | _aთბილისი | ||
| 260 | _bივერია | ||
| 260 | _c1990 | ||
| 300 | _a197გვ.16სმ. | ||
| 653 | _aმოთხრობები | ||
| 942 | _cBK | ||
| 999 |
_c41714 _d41714 |
||